Touhou Multiple Choice - Statistics

General Stats
  • This quiz has been taken 83 times
  • The average score is 10 of 15
Answer Stats
Question Answer % Correct
What character is Junko
97%
What character is Utsuho Reiuji.
95%
What Character is Keine Kamishirasawa
95%
What Characters is Kagerou Imaizumi
88%
What Character is Son Biten
83%
One of these is not like the others.
78%
One of these is not like the others.
74%
What game is Touhou Koumakyou
71%
What game is Touhou Hisoutensoku ~ Choudokyuu Ginyoru no Nazo o Oe
69%
What game is Touhou Chireiden
65%
One of these is not like the others.
58%
What game is Touhou Gensoukyou
54%
What game is Touhou Kikeijuu
46%
One of these is not like the others.
40%
One of these is not like the others.
17%
No matching quizzes found
Score Distribution
Percent of People with Each Score
Percentile by Number Answered
Your Score History
You have not taken this quiz